000 00596nam a22002177a 4500
003 LK-CoMWRAF
005 20230928163345.0
008 230928b2001 |||||||| |||| 00| 0 eng d
020 _a0028040465
040 _aLK-CoMWRAF
_dLK-CoMWRAF
_eLK-CoMWRAF
041 _aeng
082 _a425
_bSAB
100 _aSabin, William A.
245 _aThe Gregg reference manual
250 _a9th Edition
260 _aIllinois :
_bMcGraw-hills
_c2001
650 _aEnglish language -- Business English -- Handbooks
650 _aEnglish language -- Grammar
650 _aBusiness writing
942 _cBK
999 _c3729
_d3729